| 000 | 01389cam a2200169 4500500 | ||
|---|---|---|---|
| 005 | 20260412000230.0 | ||
| 041 | _afre | ||
| 042 | _adc | ||
| 100 | 1 | 0 |
_aDrouin, Évelyne _eauthor |
| 700 | 1 | 0 |
_aHamadache, Chrystelle _eauthor |
| 245 | 0 | 0 | _aStories from here and elsewhere at the book reception area for children and parents of the Association Baobab |
| 260 | _c2020. | ||
| 500 | _a59 | ||
| 520 | _aIn a multicultural area, the Baobab offers the resource of a book reception area for children and parents, where families can discover freely the pleasure of books and stories in a playful and friendly atmosphere. With reference to several clinical vignettes, the authors show how nursery rhymes and stories create bridges between languages and promote cultural encounter rather than exclusion. Protected from injunctions, the parents can reflect on the transmission of their language and support one other. In this social and linguistic bath, individual and collective stories converge. In echo with the journey of the characters encountered in the albums, the stories of exile take shape, filiations are inscribed and, through the sharing of bilingual readings, new stories are created. | ||
| 786 | 0 | _nEnfances & Psy | o 86 | 2 | 2020-09-24 | p. 125-135 | 1286-5559 | |
| 856 | 4 | 1 | _uhttps://shs.cairn.info/journal-enfances-et-psy-2020-2-page-125?lang=en&redirect-ssocas=7080 |
| 999 |
_c2209453 _d2209453 |
||